Tilastot visalle Nopea näppäily sataan

Klikkaa tästä pelataksesi tätä visaa!

Yleistilastot

  • Tätä visaa on pelattu 5 034 kertaa
  • Keskiarvotulos 68 / 100

Vastaustilastot

#% Oikein
1
100%
2
100%
3
99%
4
99%
5
98%
6
98%
7
98%
8
98%
9
98%
11
94%
12
94%
13
94%
15
93%
14
93%
10
93%
16
92%
17
92%
18
92%
19
91%
21
91%
22
91%
23
91%
20
90%
24
90%
27
89%
26
89%
25
89%
28
88%
29
88%
30
87%
31
87%
32
87%
34
86%
33
85%
35
85%
36
84%
37
84%
39
83%
38
83%
40
82%
41
81%
44
81%
42
80%
43
80%
45
80%
46
77%
47
77%
48
76%
50
76%
49
75%
55
73%
51
73%
54
72%
52
72%
53
71%
56
69%
57
68%
58
66%
59
66%
60
66%
66
63%
61
63%
62
62%
63
61%
65
61%
64
61%
67
57%
68
54%
69
53%
70
53%
71
50%
72
50%
77
49%
74
48%
73
48%
75
47%
76
46%
78
42%
80
41%
79
39%
81
38%
88
38%
82
37%
83
37%
84
37%
85
35%
87
34%
86
34%
89
32%
90
32%
99
32%
92
31%
91
30%
93
29%
94
29%
95
29%
100
29%
97
28%
96
27%
98
27%

Tulosjakauma

Persentiili vastausten määrän mukaan

Jokaisen tuloksen saaneiden osuus

Tuloshistoriasi

Et ole pelannut tätä visaa